Responses for show #8504 - Thursday, November 4, 2021

Contestants

[<< previous game]

Sri Kompella, a corporate strategy professional from Frisco, Texas

Cindy Zhang, a user experience designer from New York, New York

Tony Freitas, a project director from Los Angeles, California (whose 1-day cash winnings total $16,200)

[next game >>]

Jeopardy! Round responses

PRIME NUMBER, PLEASE
19th CENTURY AFRICAN AMERICANS
INSTITUTIONS
REGULAR VERBS
ZOMBIETHON
CHARTED
    $200 24
7

Cindy
    $200 25
Frederick Douglass

Sri
    $200 26
(Cindy: What's a submarine?)

the Titanic

TonyCindy
    $200 29
rhyme

Cindy
    $200 30
Scooby-Doo

Cindy
    $200 28
Mason & Dixon

Cindy
    $400 2
23

Tony
    $400 5
Mississippi

Cindy
    $400 1
Washington, D.C.

Sri
    $400 10
carve

Tony
    $400 27
South Korea

Cindy
    $3,000 12
the Mariana Trench

Cindy
    $600 3
101

Tony
    $600 6
Louisville

Cindy
    $600 9
Singapore

Cindy
    $600 20
(Sri: What's a [*]?)
[Sri's response was accepted as correct and the decision was reversed after the break due to his not phrasing it as a verb as required by the category.]

whip

Sri
Triple Stumper
    $600 11
The Walking Dead

Cindy
    $600 13
(John C.) Frémont

Cindy
    $800 4
41, 43 & 47

Cindy
    $800 7
San Juan

Tony
    $800 19
Goethe

Cindy
    $800 21
tender

Tony
    $800 16
Bill Murray

Tony
    $800 14
Tasmania

Cindy
    $1000 23
(Cindy: What is 1777?)

1783

CindySri
    $1000 8
Ida B. Wells

Sri
    $1000 18
(Sri: Who is George Shultz?)

James A. Baker

Sri
Triple Stumper
    $1000 22
(Tony: What is depreciation?)
[Tony's response was accepted as correct and the decision was reversed after the break due to his not phrasing it as a verb as required by the category.]

depreciate

Tony
Triple Stumper
    $1000 17
Pride and Prejudice and Zombies

Tony
    $1000 15
Mercator

Tony

Scores at the first commercial break (after clue 15):

Tony Cindy Sri
$3,200 $7,400 $1,400

Scores at the end of the Jeopardy! Round:

Tony Cindy Sri
$5,000 $8,200 $1,000

Double Jeopardy! Round responses

THAT'S OUR FACTORY
EPONYMOUS -ISMs
OLD LITERATURE
"ANTI" UP
DARK MATTER
RE-CHARTED
    $400 28
Confucius

Cindy
    $400 27
the Olympic Games

Triple Stumper
    $400 26
(Sri: What is antipasti? [*]?)

antipasto

Sri
    $400 25
(Mayim: We have less than a minute.)

Voldemort

Sri
    $400 29
[The end-of-round signal sounds.]

Chubby Checker

Cindy
    $800 24
Intel

Sri
    $5,000 23
(Sri: [*]. What is [*]?)

McCarthyism

Sri
    $800 5
Sanskrit

Cindy
    $800 12
(Tony: What is "antipcipation"?)
(Mayim: Correct.)
(Tony: Sorry.)

anticipation

Tony
    $800 8
ebony

Sri
    $800 17
"Monster Mash"

Tony
    $1200 20
L'Oréal

Sri
    $1200 21
Thatcherism

Tony
    $1200 2
Aeneas

Sri
    $1200 13
(Tony: What is anti-aircraft?)
(Mayim: More specific.)
(Tony: Anti-aircraft missiles.)

anti-ballistic

Tony
Triple Stumper
    $4,000 7
(Tony: Who is Omar Khayyam?)

Petrarch

Tony
    $1200 16
"Dream On"

Cindy
    $1600 9
New Balance

Cindy
    $1600 1
Machiavelli

Sri
    $1600 6
the Egyptian Book of the Dead

Tony
    $1600 3
antiquarian

Tony
    $1600 4
[NOTE: Mayim corrects Cindy's pronunciation of "BAY-salt".]

basalt

Cindy
    $1600 15
Ben E. King

Triple Stumper
    $2000 19
the Kawasaki plant

Triple Stumper
    $2000 22
(Sri: Who is Mesmer? [*].)
(Mayim: Yes, named for Franz Mesmer.)

mesmerism

Sri
    $2000 10
Gilgamesh

Sri
    $2000 11
[NOTE: Cindy gave two different pronunciations.]

antipodes

Cindy
    $2000 14
a camera obscura

Tony
    $2000 18
"Let's Go Crazy"

Triple Stumper

Scores at the end of the Double Jeopardy! Round:

Tony Cindy Sri
$7,800 $16,200 $16,400

[wagering suggestions for these scores]

Final Jeopardy! Round responses

OFFICIAL LANGUAGES
TonyWhat Indones
$7,500
CindyWhat is Suriname?
$400
SriWhat is Suriname?
$13,600
Suriname

Final scores:

Tony Cindy Sri
$300 $16,600 $30,000
3rd place: $1,000 2nd place: $2,000 New champion: $30,000

Game dynamics:

Coryat scores:

Tony Cindy Sri
$11,800 $13,600 $12,200
15 R,
3 W
(including 1 DD)
21 R
(including 1 DD),
2 W
14 R
(including 1 DD),
2 W

Combined Coryat: $37,600

The J! Archive is created by fans, for fans. The Jeopardy! game show and all elements thereof, including but not limited to copyright and trademark thereto, are the property of Jeopardy Productions, Inc. and are protected under law. This website is not affiliated with, sponsored by, or operated by Jeopardy Productions, Inc. Join the discussion at JBoard.tv.